Efekty fiškálnej politiky na činnosť súkromného sektora v krajinách V4 bakalárska práca

Uložené v:
Podrobná bibliografia
Hlavný autor: Juhás, Juraj
Korporativný autor: Národohospodárska fakulta EU. Katedra financií
Ďalší autori: Boór, Matej, 1988-
Médium: Kniha
Jazyk:Slovak
Vydavateľské údaje: Bratislava 2019
Tagy: Pridať tag
Žiadne tagy, Buďte prvý, kto otaguje tento záznam!

MARC

LEADER 00000nbm a2200000 4500
001 0256433
005 20191030125142.7
041 0 |a slo 
044 |a SK 
245 1 0 |a Efekty fiškálnej politiky na činnosť súkromného sektora v krajinách V4  |b bakalárska práca  |c Juraj Juhás ; školiteľ: Matej Boór 
264 1 |a Bratislava  |c 2019 
300 |a 42 s. 
100 1 |a Juhás, Juraj 
700 1 |a Boór, Matej, 1988- 
710 2 |a Národohospodárska fakulta EU. Katedra financií